| 000 | 01108nam a22003257a 4500 | ||
|---|---|---|---|
| 003 | CHAP | ||
| 005 | 20220329140820.0 | ||
| 008 | 971013s1979 r 00010 d | ||
| 010 | _a58077 | ||
| 011 | _a59049 | ||
| 035 | _a63206 | ||
| 040 | _cCHAP | ||
| 082 |
_a631.3 _bS55Y 1976 |
||
| 100 | 0 | 0 |
_aSmith Harris, Pearson. _9106941 |
| 245 | _aMaquinaria y equipo agrícola | ||
| 260 |
_aBarcelona : _bOmega, _c1979 |
||
| 300 |
_a520 p. _b: ilus. ; gráfs. |
||
| 500 | _aTrad. de la 6 ed. en inglés de1976 | ||
| 590 |
_aBATCH-UPD _b10 _c20130110 _lUCH01 _h0705 |
||
| 590 |
_aBATCH-UPD _b10 _c20130410 _lUCH01 _h0350 |
||
| 590 |
_aBATCH-UPD _b10 _c20130914 _lUCH01 _h1758 |
||
| 590 |
_aCONVERSION _b10 _c20130109 _lUCH01 _h1331 |
||
| 650 | 1 | 4 |
_aMaquinaria agrícola. _971151 |
| 700 | 0 |
_aWilkes, Lambert Henry. _9121963 |
|
| 901 | _aBK | ||
| 942 | _cLIBRO | ||
| 949 |
_a631.3 S55Y 1976 _bBC _cLIBRO _d33724000982476 _eLIBRO _fc.2 _h61641 _i63206 _si |
||
| 949 |
_a631.3 S55Y 1976 _bBC _cLIBRO _d33724002008868 _eLIBRO _h61640 _i63206 _si |
||
| 949 |
_a631.3 S55Y 1976 _bBC _cLIBRO _d33724002009306 _eLIBRO _fc.3 _h74436 _i63206 _si |
||
| 999 |
_c58077 _d58077 |
||